|
|
|
|
| LEADER |
01832nam a2200397 4500 |
| 001 |
ocn801438445 |
| 003 |
OCoLC |
| 005 |
20180501122001.0 |
| 006 |
m o d |
| 007 |
cr ||||||||||| |
| 008 |
120629s2012 ne a ob 001 0 eng d |
| 040 |
|
|
|a QCL
|b eng
|e pn
|c QCL
|d OCLCO
|d CDX
|d OCLCQ
|d OPELS
|d UIU
|d OCLCF
|d OCLCQ
|d DEBBG
|d GrThAP
|
| 020 |
|
|
|a 9780123944382
|q (electronic bk.)
|
| 020 |
|
|
|a 0123944384
|q (electronic bk.)
|
| 035 |
|
|
|a (OCoLC)801438445
|
| 050 |
|
4 |
|a QR342
|
| 082 |
0 |
4 |
|a 576.6482
|
| 049 |
|
|
|a TEFA
|
| 245 |
0 |
0 |
|a Bacteriophages.
|n Part B /
|c edited by Małgorzata Łobocka and Wacław T. Szybalski.
|
| 260 |
|
|
|a Amsterdam ;
|a Boston, MA :
|b Academic Press,
|c 2012.
|
| 300 |
|
|
|a 1 online resource (xviii, 477 pages) :
|b illustrations.
|
| 336 |
|
|
|a text
|b txt
|2 rdacontent
|
| 337 |
|
|
|a computer
|b c
|2 rdamedia
|
| 338 |
|
|
|a online resource
|b cr
|2 rdacarrier
|
| 490 |
1 |
|
|a Advances in virus research,
|x 0065-3527 ;
|v v. 83
|
| 504 |
|
|
|a Includes bibliographical references and index.
|
| 520 |
|
|
|a Published since 1953, Advances in Virus Research covers a diverse range of in-depth reviews providing a valuable overview of the current field of virology. The impact factor for 2008 is 4.886, placing it 4th in the highly competitive category of virology. Key features: * Contributions from leading authorities * Informs and updates on all the latest developments in the field.
|
| 650 |
|
0 |
|a Bacteriophages.
|
| 650 |
|
0 |
|a Bacterial genetics.
|
| 650 |
|
7 |
|a Bacterial genetics.
|2 fast
|0 (OCoLC)fst00825221
|
| 650 |
|
7 |
|a Bacteriophages.
|2 fast
|0 (OCoLC)fst00825287
|
| 655 |
|
4 |
|a Electronic books.
|
| 700 |
1 |
|
|a Łobocka, Malgorzata.
|
| 700 |
1 |
|
|a Szybalski, Wacław T.
|
| 830 |
|
0 |
|a Advances in virus research ;
|v v. 83.
|
| 856 |
4 |
0 |
|u https://www.sciencedirect.com/science/bookseries/00653527/83
|z Full Text via HEAL-Link
|